Immigrant Origin by State Quiz Stats

 Plays Quiz Updated Mar 27, 2018

Score 0/152 Timer 06:00
3 Plays Today
State Countries % Correct
AlabamaMexico
98.4%
AlaskaMexico
98.4%
ArizonaMexico
98.4%
ArkansasMexico
98.4%
CaliforniaMexico
98.4%
ColoradoMexico
98.4%
DelawareMexico
98.4%
GeorgiaMexico
98.4%
IdahoMexico
98.4%
IllinoisMexico
98.4%
IndianaMexico
98.4%
IowaMexico
98.4%
KansasMexico
98.4%
KentuckyMexico
98.4%
LouisianaMexico
98.4%
MichiganMexico
98.4%
MississippiMexico
98.4%
MissouriMexico
98.4%
MontanaMexico
98.4%
NebraskaMexico
98.4%
NevadaMexico
98.4%
New MexicoMexico
98.4%
North CarolinaMexico
98.4%
OklahomaMexico
98.4%
OregonMexico
98.4%
South CarolinaMexico
98.4%
South DakotaMexico
98.4%
TennesseeMexico
98.4%
TexasMexico
98.4%
UtahMexico
98.4%
WashingtonMexico
98.4%
WisconsinMexico
98.4%
WyomingMexico
98.4%
AlabamaChina
94.4%
AlaskaChina
94.4%
ArizonaChina
94.4%
ArkansasChina
94.4%
CaliforniaChina
94.4%
ColoradoChina
94.4%
ConnecticutChina
94.4%
DelawareChina
94.4%
GeorgiaChina
94.4%
HawaiiChina
94.4%
IdahoChina
94.4%
IndianaChina
94.4%
IowaChina
94.4%
KentuckyChina
94.4%
MarylandChina
94.4%
MassachusettsChina
94.4%
MississippiChina
94.4%
MissouriChina
94.4%
State Countries % Correct
New HampshireChina
94.4%
New MexicoChina
94.4%
New YorkChina
94.4%
North DakotaChina
94.4%
OhioChina
94.4%
OklahomaChina
94.4%
OregonChina
94.4%
PennsylvaniaChina
94.4%
South CarolinaChina
94.4%
UtahChina
94.4%
WashingtonChina
94.4%
West VirginiaChina
94.4%
WyomingChina
94.4%
MaineCanada
91.2%
MontanaCanada
91.2%
North DakotaCanada
91.2%
VermontCanada
91.2%
WyomingCanada
91.2%
HawaiiJapan
89.2%
FloridaCuba
85.5%
KentuckyCuba
85.5%
NevadaCuba
85.5%
New MexicoCuba
85.5%
AlabamaIndia
84.2%
ConnecticutIndia
84.2%
DelawareIndia
84.2%
GeorgiaIndia
84.2%
IllinoisIndia
84.2%
IndianaIndia
84.2%
KansasIndia
84.2%
LouisianaIndia
84.2%
MarylandIndia
84.2%
MichiganIndia
84.2%
MississippiIndia
84.2%
MissouriIndia
84.2%
New HampshireIndia
84.2%
New JerseyIndia
84.2%
North CarolinaIndia
84.2%
OhioIndia
84.2%
PennsylvaniaIndia
84.2%
South CarolinaIndia
84.2%
TennesseeIndia
84.2%
TexasIndia
84.2%
VermontIndia
84.2%
VirginiaIndia
84.2%
WashingtonIndia
84.2%
West VirginiaIndia
84.2%
WisconsinIndia
84.2%
OklahomaIndia
84.2%
KentuckyIndia
84.2%
MassachusettsBrazil
81.6%
State Countries % Correct
VirginiaKorea
73.1%
FloridaHaiti
66.8%
IowaVietnam
65.2%
KansasVietnam
65.2%
LouisianaVietnam
65.2%
NebraskaVietnam
65.2%
North CarolinaVietnam
65.2%
OklahomaVietnam
65.2%
OregonVietnam
65.2%
TexasVietnam
65.2%
MichiganIraq
64.6%
MassachusettsDominican Republic
59.8%
New HampshireDominican Republic
59.8%
New JerseyDominican Republic
59.8%
New YorkDominican Republic
59.8%
PennsylvaniaDominican Republic
59.8%
Rhode IslandDominican Republic
59.8%
FloridaColombia
56.8%
New JerseyColombia
56.8%
TennesseeEgypt
55.6%
ConnecticutJamaica
52.2%
New YorkJamaica
52.2%
UtahPeru
51.2%
AlaskaPhilippines
51.1%
ArizonaPhilippines
51.1%
CaliforniaPhilippines
51.1%
HawaiiPhilippines
51.1%
MontanaPhilippines
51.1%
NevadaPhilippines
51.1%
West VirginiaPhilippines
51.1%
Rhode IslandGuatemala
50.9%
WisconsinThailand
48.7%
IllinoisPoland
48.2%
MarylandNigeria
45.8%
ArkansasEl Salvador
43.9%
VirginiaEl Salvador
43.9%
MaineKenya
37.6%
ColoradoEthiopia
36.8%
MinnesotaEthiopia
36.8%
South DakotaEthiopia
36.8%
NebraskaSudan
36.7%
South DakotaSudan
36.7%
MaineSomalia
35.6%
MinnesotaSomalia
35.6%
North DakotaSomalia
35.6%
OhioSomalia
35.6%
MinnesotaLiberia
16.4%
IdahoUzbekistan
7.5%
VermontUzbekistan
7.5%
Rhode IslandCabo Verde
5.3%

You're not logged in!

Compare scores with friends on all Sporcle quizzes.
OR
Log In

Show Comments

Extras

Top Quizzes Today


Score Distribution

Your Account Isn't Verified!

In order to create a playlist on Sporcle, you need to verify the email address you used during registration. Go to your Sporcle Settings to finish the process.

Report this User

Report this user for behavior that violates our Community Guidelines.

Details: